000 00431pab a2200181 454500
008 180718b2009 xxu||||| |||| 00| 0 eng d
100 _aJoshi, Vijay
245 _aIndia and a carbon deal
260 _c2009
300 _ap.71-77.
362 _a1 Aug
650 _aClimatic change - India
650 _aClimatic change
700 _aPatel, Urjit
773 _aEconomic and Political Weekly
908 _aN
909 _a83325
999 _c83325
_d83325